Historia de todas las cosas que han acaecido en el reino de Chile y de los que lo han gobernado, 1536-1575
Guardat en:
| Autor principal: | |
|---|---|
| Format: | Llibre |
| Idioma: | espanyol |
| Publicat: |
Santiago, Chile
Universidad de Chile
1990
|
| Matèries: | |
| Etiquetes: |
Afegir etiqueta
Sense etiquetes, Sigues el primer a etiquetar aquest registre!
|
MARC
| LEADER | 00000nam a2200000 a 4500 | ||
|---|---|---|---|
| 001 | UCY8252 | ||
| 003 | CL-VaPUC | ||
| 005 | 20210923074611.0 | ||
| 008 | 950703e19900000CL |||||||||||||||||spa|d | ||
| 999 | |c 235527 |d 235525 | ||
| 040 | |c Pontificia Universidad Católica de Valparaíso | ||
| 082 | 0 | 4 | |a 983.02 GON 1990 |2 21 |
| 100 | |a Góngora Marmolejo, Alonso de |e author |9 598581 | ||
| 245 | 1 | 0 | |a Historia de todas las cosas que han acaecido en el reino de Chile y de los que lo han gobernado, 1536-1575 |
| 260 | |a Santiago, Chile |b Universidad de Chile |c 1990 | ||
| 300 | |a 321 páginas | ||
| 583 | |a last modification |c 20160817 04:13:44 |k Rodrigo Vera | ||
| 650 | 7 | |a HISTORIA DE CHILE |2 CL-VaPUC |9 266637 |y SIGLO 16 | |
| 650 | 7 | |a COLONIAS |2 CL-VaPUC |9 258570 | |
| 650 | 0 | |a Ciencias Políticas |z CHILE |9 255201 | |
| 650 | 7 | |a DESCUBRIMIENTO Y CONQUISTA |2 CL-VaPUC |9 319676 |z CHILE | |
| 852 | |a BIBCUR | ||
| 942 | |c BK |2 ddc | ||
| 945 | |d 19950703 00:00:00 |a rbrito | ||
| 952 | |0 0 |1 0 |2 ddc |4 0 |6 983_020000000000000_GON_1990 |7 0 |8 A |9 243020 |a BIBHIS |b BIBHIS |d 2019-11-18 |i 3096580 |o 983.02 GON 1990 |p 3096580 |r 2025-01-20 |t 1 |w 2019-11-18 |y BK |k HIS | ||